Draw the Outline of Germany on a Map - Statistics

General Stats
  • This quiz has been taken 66 times
    64 since last reset
  • The average score is 11 of 14
Answers on the Map
Answers color-coded by a green-red scale on the quiz's map according to % correct below.
 
Answer Stats
Answer % Correct
Lower Saxony
98%
Bremen
92%
Lower Saxony
78%
Hamburg
76%
Baden-Württemberg
73%
Bavaria
73%
Brandenburg
73%
Mecklenburg-Vorpommern
73%
Saxony
73%
Schleswig-Holstein
71%
North Rhine-Westphalia
69%
Rhineland-Palatinate
69%
Rhineland-Palatinate
69%
Saarland
69%
No matching quizzes found
Score Distribution
Percent of People with Each Score
Percentile by Number Answered
Your Score History
You have not taken this quiz since the last reset